| 000 | 01346nam a22003254a 4500 | ||
|---|---|---|---|
| 001 | ebr10194412 | ||
| 003 | CaPaEBR | ||
| 006 | m u | ||
| 007 | cr cn||||||||| | ||
| 008 | 021018s2003 mnu sb s001 0 eng | ||
| 010 | _z 2002152215 | ||
| 020 | _z0816639779 (hardback : alk. paper) | ||
| 020 | _z0816639787 (pbk. : alk. paper) | ||
| 040 |
_aCaPaEBR _cCaPaEBR |
||
| 035 | _a(OCoLC)319051047 | ||
| 043 | _an-us--- | ||
| 050 | 1 | 4 |
_aQL737.C22 _bN53 2003eb |
| 082 | 0 | 4 |
_a333.95/9773/0973 _221 |
| 100 | 1 | _aNie, Martin A. | |
| 245 | 1 | 0 |
_aBeyond wolves _h[electronic resource] : _bthe politics of wolf recovery and management / _cMartin A. Nie. |
| 260 |
_aMinneapolis : _bUniversity of Minnesota Press, _cc2003. |
||
| 300 | _axiii, 253 p. | ||
| 504 | _aIncludes bibliographical references (p. 223-247) and index. | ||
| 533 |
_aElectronic reproduction. _bPalo Alto, Calif. : _cebrary, _d2013. _nAvailable via World Wide Web. _nAccess may be limited to ebrary affiliated libraries. |
||
| 650 | 0 |
_aWolves _xReintroduction _xPolitical aspects _zUnited States. |
|
| 650 | 0 |
_aWildlife management _xPolitical aspects _zUnited States. |
|
| 655 | 7 |
_aElectronic books. _2local |
|
| 710 | 2 | _aebrary, Inc. | |
| 856 | 4 | 0 |
_uhttp://site.ebrary.com/lib/rucke/Doc?id=10194412 _zAn electronic book accessible through the World Wide Web; click to view |
| 999 |
_c114757 _d114757 |
||